Cinchona alkaloid-based zwitterionic chiral stationary phases applied for liquid chromatographic enantiomer separations An overview /

For the early 2000s, chromatographic methods applying chiral stationary phases (CSPs) became the most effective techniques for the resolution of chiral compounds on both analytical and preparative scales. High-performance liquid chromatography (HPLC) employing various types of chiral selectors coval...

Teljes leírás

Elmentve itt :
Bibliográfiai részletek
Szerzők: Ilisz István
Bajtai Attila
Péter Antal
Lindner Wolfgang
Dokumentumtípus: Könyv része
Megjelent: HUMANA PRESS INC. 2019
Sorozat:Methods in Molecular Biology
doi:10.1007/978-1-4939-9438-0_14

mtmt:30789549
Online Access:http://publicatio.bibl.u-szeged.hu/18513
LEADER 02127naa a2200241 i 4500
001 publ18513
005 20200408113520.0
008 200408s2019 hu o 0|| zxx d
024 7 |a 10.1007/978-1-4939-9438-0_14  |2 doi 
024 7 |a 30789549  |2 mtmt 
040 |a SZTE Publicatio Repozitórium  |b hun 
041 |a zxx 
100 1 |a Ilisz István 
245 1 0 |a Cinchona alkaloid-based zwitterionic chiral stationary phases applied for liquid chromatographic enantiomer separations  |h [elektronikus dokumentum] :  |b An overview /  |c  Ilisz István 
260 |a HUMANA PRESS INC.  |c 2019 
300 |a 27 
300 |a 251-277 
490 0 |a Methods in Molecular Biology 
520 3 |a For the early 2000s, chromatographic methods applying chiral stationary phases (CSPs) became the most effective techniques for the resolution of chiral compounds on both analytical and preparative scales. High-performance liquid chromatography (HPLC) employing various types of chiral selectors covalently bonded to silica-based supports offers a state-of-the-art methodology for "chiral analysis." Although a large number of CSPs are available nowadays, the design and development of new "chiral columns" are still needed since it is obvious that in practice one needs a good portfolio of different columns to face the challenging task of enantiomeric resolutions. The development of the unique chiral anion, cation, and zwitterion exchangers achieved by Lindner and his partners serves as an expansion of the range of the efficiently applicable CSPs. In this context this overview chapter discusses and summarizes direct enantiomer separations of chiral acids and ampholytes applying zwitterionic ion exchangers derived from Cinchona alkaloids. Our aim is to provide comprehensive information on practical solutions with focus on the molecular recognition and methodological variables. © Springer Science+Business Media, LLC, part of Springer Nature 2019. 
700 0 1 |a Bajtai Attila  |e aut 
700 0 1 |a Péter Antal  |e aut 
700 0 1 |a Lindner Wolfgang  |e aut 
856 4 0 |u http://publicatio.bibl.u-szeged.hu/18513/1/ZWIX_BOOK_CHAPTER_ILISZ.pdf  |z Dokumentum-elérés